The Building (Forms) (Scotland) Regulations 2005 (Record no. 104222)

MARC details
000 -LEADER
fixed length control field 00948cam a2200229 4500
001 - CONTROL NUMBER
control field L129528
008 - FIXED-LENGTH DATA ELEMENTS--GENERAL INFORMATION
fixed length control field 111024s2005 000 0 eng u
020 ## - INTERNATIONAL STANDARD BOOK NUMBER
International Standard Book Number 0110695194
035 ## - SYSTEM CONTROL NUMBER
System control number (Sirsi) u129528
041 ## - LANGUAGE CODE
Language code of text/sound track or separate title eng
050 ## - LIBRARY OF CONGRESS CALL NUMBER
Classification number 692.209411
-- 18
245 #4 - TITLE STATEMENT
Title The Building (Forms) (Scotland) Regulations 2005
260 ## - PUBLICATION, DISTRIBUTION, ETC.
Place of publication, distribution, etc. London
Name of publisher, distributor, etc. HMSO
Date of publication, distribution, etc. 2005
490 ## - SERIES STATEMENT
Series statement SSI
Volume/sequential designation 2005: 172
520 ## - SUMMARY, ETC.
Summary, etc. Came into force 1 May 2005. Set out the forms prescribed for the purposes of the Building (Scotland) Act 2003 s36. The 16 prescribed forms include those for building warrants, completion certificates and various enforcement notices.
590 ## - LOCAL NOTE (RLIN)
Local note IKA290405
650 ## - SUBJECT ADDED ENTRY--TOPICAL TERM
Topical term or geographic name entry element BUILDING (FORMS) (SCOTLAND) REGULATIONS 2005
650 ## - SUBJECT ADDED ENTRY--TOPICAL TERM
Topical term or geographic name entry element BUILDING (SCOTLAND) ACT 2003 S36
690 ## - LOCAL SUBJECT ADDED ENTRY--TOPICAL TERM (OCLC, RLIN)
Topical term or geographic name as entry element Building regulations
9 (RLIN) 6224
856 ## - ELECTRONIC LOCATION AND ACCESS
Uniform Resource Identifier <a href="https://www.legislation.gov.uk/ssi/2005/172/contents/made">https://www.legislation.gov.uk/ssi/2005/172/contents/made</a>
Public note View this item free of charge at www.legislation.gov.uk
942 ## - ADDED ENTRY ELEMENTS (KOHA)
Suppress in OPAC 0
Holdings
Withdrawn status Lost status Source of classification or shelving scheme Damaged status Not for loan Home library Current library Shelving location Date acquired Total Checkouts Full call number Barcode Date last seen Copy number Price effective from Koha item type
    Dewey Decimal Classification     Virtual Virtual Online 27/04/2005   ONLINE PUBLICATION 129528-2001 06/08/2019 1 06/08/2019 Book